| 000 | 004600000a22001810004500 | ||
|---|---|---|---|
| 003 | MACL | ||
| 005 | 20150823144854.0 | ||
| 008 | 150823b xxu||||| |||| 00| 0 eng d | ||
| 040 |
_aMACL _cMACL |
||
| 041 | _aEnglish | ||
| 082 | _a658.472 | ||
| 100 |
_aGupta, P. K. _97083 |
||
| 245 | _aIndustrial Management And Managerial Economics | ||
| 260 |
_aDelhi _bRatna Sagar P. Ltd. _c1995 |
||
| 350 | _a155 | ||
| 650 |
_aManagement _97084 |
||
| 942 |
_cBK _k658.472 _2ddc |
||
| 999 |
_c2717 _d2717 |
||